[Event "Sunnyvale 1000GM Bona op 09"]
[Site "Sunnyvale"]
[Date "2023.09.18"]
[Round "5"]
[White "Xia, Joshua"]
[Black "Srinivasan, Sivavishnu"]
[Result "1-0"]
[WhiteElo "1670"]
[BlackElo "1596"]
[PlyCount "105"]
[EventDate "2023.09.15"]
[EventType "swiss"]
[EventRounds "5"]
[EventCountry "USA"]
[SourceTitle "EXT 2024"]
[Source "ChessBase"]
[SourceDate "2023.10.10"]
[SourceVersion "1"]
[SourceVersionDate "2023.10.10"]
[SourceQuality "1"]

1. e4 c5 2. Nf3 d6 3. d4 cxd4 4. Nxd4 Nf6 5. Nc3 a6 6. Be3 Ng4 7. Bg5 h6 8. Bh4 g5 9. Bg3 Bg7 10. Be2 Ne5 11. Qd2 Nbc6 12. Nxc6 bxc6 13. h4 g4 14. h5 Rb8 15. Nd1 Be6 16. c3 Nc4 17. Bxc4 Bxc4 18. b3 Be6 19. Rc1 Rb7 20. c4 Rd7 21. Ne3 d5 22. exd5 cxd5 23. c5 0-0 24. c6 Ra7 25. c7 Qd7 26. 0-0 f5 27. Qb4 Raa8 28. Bf4 Bf7 29. Qb6 Kh7 30. Qc6 Qxc6 31. Rxc6 e6 32. Bd6 Rfc8 33. Rfc1 Be8 34. Rb6 Bd7 35. g3 a5 36. Rd1 Kg8 37. Ng2 Kf7 38. Nf4 Bf8 39. Bxf8 Rxf8 40. Re1 Rfe8 41. Rd6 Re7 42. Ng6 Rc8 43. Nxe7 Kxe7 44. Rxd5 Rxc7 45. Rxf5 Ra7 46. Rf4 a4 47. bxa4 Rxa4 48. Rxa4 Bxa4 49. Re4 Bd1 50. a4 Kd6 51. a5 Bf3 52. Ra4 Bc6 53. Rxg4 1-0

[Event "Sunnyvale 1000GM Bona op 09"]
[Site "Sunnyvale"]
[Date "2023.09.17"]
[Round "3"]
[White "Parvathaneni, Nikhil"]
[Black "Srinivasan, Sivavishnu"]
[Result "0-1"]
[WhiteElo "1811"]
[BlackElo "1596"]
[PlyCount "98"]
[EventDate "2023.09.15"]
[EventType "swiss"]
[EventRounds "5"]
[EventCountry "USA"]
[SourceTitle "EXT 2024"]
[Source "ChessBase"]
[SourceDate "2023.10.10"]
[SourceVersion "1"]
[SourceVersionDate "2023.10.10"]
[SourceQuality "1"]

1. d4 Nf6 2. c4 e6 3. Nc3 Bb4 4. Qc2 d5 5. e3 Ne4 6. Bd3 f5 7. Nf3 0-0 8. 0-0 c6 9. a3 Bd6 10. b4 Nd7 11. b5 Bb8 12. Na4 Qc7 13. bxc6 Ng5 14. Re1 Nxf3+ 15. gxf3 Qxh2+ 16. Kf1 bxc6 17. cxd5 cxd5 18. Qc6 Qc7 19. Qxe6+ Kh8 20. Qxd5 Bb7 21. Qc4 Qh2 22. Ke2 Qg2 23. Rf1 Bxf3+ 24. Kd2 f4 25. exf4 Bxf4+ 26. Kc2 Rac8 27. Nc5 Nxc5 28. dxc5 Bd6 29. Be3 Bxc5 30. Bxc5 Qg5 31. Bxf8 Rxc4+ 32. Bxc4 Qf5+ 33. Kb3 Qxf8 34. Rae1 Bg2 35. Rg1 h6 36. Re2 Qf3+ 37. Ka2 h5 38. Rd2 h4 39. Rd8+ Kh7 40. Bd3+ g6 41. Bxg6+ Kg7 42. Bc2 Qxf2 43. Rd7+ Kf8 44. Rc1 h3 45. Ka1 Qf6+ 46. Kb1 h2 47. Rh7 Qb6+ 48. Ka1 Qd4+ 49. Ka2 h1Q 0-1

[Event "Sunnyvale 1000GM Bona op 09"]
[Site "Sunnyvale"]
[Date "2023.09.17"]
[Round "2"]
[White "Srinivasan, Sivavishnu"]
[Black "Bhaduri, Neil S"]
[Result "1-0"]
[WhiteElo "1596"]
[BlackElo "1797"]
[PlyCount "103"]
[EventDate "2023.09.15"]
[EventType "swiss"]
[EventRounds "5"]
[EventCountry "USA"]
[SourceTitle "EXT 2024"]
[Source "ChessBase"]
[SourceDate "2023.10.10"]
[SourceVersion "1"]
[SourceVersionDate "2023.10.10"]
[SourceQuality "1"]

1. e4 c6 2. Nc3 d5 3. Nf3 dxe4 4. Nxe4 Nf6 5. Qe2 Nxe4 6. Qxe4 Qa5 7. c3 Bf5 8. Qe5 Qxe5+ 9. Nxe5 f6 10. Nf3 e5 11. d4 e4 12. Nd2 Nd7 13. Bc4 0-0-0 14. Nf1 Bd6 15. Ng3 Bg6 16. Be3 f5 17. Ne2 Rhf8 18. Bf4 Bxf4 19. Nxf4 Bf7 20. Ne6 Bxe6 21. Bxe6 Rde8 22. Bxd7+ Kxd7 23. g3 Kd6 24. Kd2 f4 25. gxf4 Rxf4 26. Ke3 Rf3+ 27. Ke2 Ref8 28. Raf1 g6 29. h4 R8f5 30. h5 gxh5 31. Rhg1 e3 32. fxe3 Rxf1 33. Rxf1 Rxf1 34. Kxf1 Kd5 35. b3 b5 36. a4 a6 37. axb5 axb5 38. Kg2 c5 39. Kg3 c4 40. b4 Ke4 41. Kh4 Kd3 42. d5 Kxc3 43. d6 Kb2 44. d7 c3 45. d8Q c2 46. Qd4+ Kb1 47. Qd3 h6 48. Qb3+ Ka1 49. Qa3+ Kb1 50. e4 c1Q 51. Qxc1+ Kxc1 52. e5 1-0